000 00601nam a2200241Ia 4500
003 0100
008 130307s9999 xx 000 0 und d
020 _a0520040627
040 _cARRUPELIB
050 _aB2971.G392E5 1980
100 _aFeuerbach, Ludwig
245 _aThoughts on death and immortality
245 _bfrom the papers of a thinker
260 _aLondon
260 _bUniversity of California press
260 _c1980
300 _a261p.
300 _b23cm
650 _aPHILOSOPHY
650 _bPhilosophy - introduction
700 _aMassey, James A. (tr.)
942 0 0 _01
999 _c94223
_d94223